000 00571nam a22001937a 4500
003 BD-DhJNU
005 20250320052452.0
008 250320b |||||||| |||| 00| 0 eng d
020 _a0316099481
040 _aBD-DhJNU
_bENG
_cBD-DhJNU
_dBD-DhJNU
082 _223
_a158.2
100 _aBlaker, Karen
245 _aIntimate secrets :
_bwhich to keep and which to tell /
_cKaren Blaker
250 _a1st ed.
260 _aBoston :
_bLittle, Brown and Company,
_c1986.
300 _axxii, 198 p. :
_bill. ;
_c24 cm.
650 _aInterpersonal relations
942 _2ddc
_cBK
_n0
999 _c1520
_d1520